مكتبة جامعة عجلون الوطنية

فهرس بحث المكتبة

the 4th conference on Scientific Research Outlook & Technology Development in the Arab World Dec. 11-14, 2006 - Umayyad palace , Damascus syrian Arab Republic: Book OF Extended Abstracts, part 11 (Record no. 2601)

MARC details
000 -LEADER
fixed length control field 00733nam a2200181Ii 4500
003 - CONTROL NUMBER IDENTIFIER
control field JO-AjNU
008 - FIXED-LENGTH DATA ELEMENTS--GENERAL INFORMATION
fixed length control field 230606s9999||||xx |||||||||||||| ||und||
040 ## - CATALOGING SOURCE
Original cataloging agency JO-AjNU
Language of cataloging eng
Description conventions rda
Transcribing agency JO-AjNU
041 ## - LANGUAGE CODE
Language code of text/sound track or separate title eng
050 14 - LIBRARY OF CONGRESS CALL NUMBER
Classification number Q179.9 2006
100 3# - MAIN ENTRY--PERSONAL NAME
Personal name سوريا: وزارة التعليم العالي,
Relator term author
9 (RLIN) 5033
245 04 - TITLE STATEMENT
Title the 4th conference on Scientific Research Outlook & Technology Development in the Arab World Dec. 11-14, 2006 - Umayyad palace , Damascus syrian Arab Republic: Book OF Extended Abstracts, part 11
264 31 - PRODUCTION, PUBLICATION, DISTRIBUTION, MANUFACTURE, AND COPYRIGHT NOTICE
Place of production, publication, distribution, manufacture سوريا: وزارة التعليم العالي، 2006
300 ## - PHYSICAL DESCRIPTION
Extent 701p
336 ## - CONTENT TYPE
Content type term text
Content type code txt
Source rdacontent
337 ## - MEDIA TYPE
Media type term unmediated
Media type code n
Source rdamedia
338 ## - CARRIER TYPE
Carrier type term volume
Carrier type code nc
Source rdacarrier
Holdings
Withdrawn status Lost status Source of classification or shelving scheme Damaged status Not for loan Home library Current library Shelving location Date acquired Total Checkouts Full call number Barcode Date last seen Price effective from Koha item type
    Library of Congress Classification     مكتبة جامعة عجلون الوطنية مكتبة جامعة عجلون الوطنية المجموعات العامة 06/06/2023   Q179.9 2006 E2603 06/06/2023 06/06/2023 Books